Sustainable construction (Record no. 105000)
[ view plain ]
| 000 -LEADER | |
|---|---|
| fixed length control field | 01194cam a2200265 4500 |
| 001 - CONTROL NUMBER | |
| control field | ##L132063 |
| 008 - FIXED-LENGTH DATA ELEMENTS--GENERAL INFORMATION | |
| fixed length control field | 051222n2004 000 0 eng u |
| 020 ## - INTERNATIONAL STANDARD BOOK NUMBER | |
| International Standard Book Number | 0860176193 |
| 035 ## - SYSTEM CONTROL NUMBER | |
| System control number | (Sirsi) u132063 |
| 041 0# - LANGUAGE CODE | |
| Language code of text/sound track or separate title | eng |
| 050 ## - LIBRARY OF CONGRESS CALL NUMBER | |
| Classification number | 691 $2 18 |
| 100 1# - MAIN ENTRY--PERSONAL NAME | |
| Personal name | Chant-Hall, G. |
| 245 00 - TITLE STATEMENT | |
| Title | Sustainable construction |
| Remainder of title | guidance for supply chain leaders |
| 260 ## - PUBLICATION, DISTRIBUTION, ETC. | |
| Place of publication, distribution, etc. | London |
| Name of publisher, distributor, etc. | CIRIA |
| Date of publication, distribution, etc. | 2004 |
| 300 ## - PHYSICAL DESCRIPTION | |
| Extent | 152p. |
| Other physical details | ill |
| Dimensions | 30cm. |
| 490 #0 - SERIES STATEMENT | |
| Series statement | CIRIA |
| Volume/sequential designation | C619 |
| 490 #0 - SERIES STATEMENT | |
| Series statement | CIRIA Research Project |
| Volume/sequential designation | 642 |
| 520 ## - SUMMARY, ETC. | |
| Summary, etc. | Report following CIRIA Research Project 642 "Sustainable construction client award scheme". Features a framework based on "Sustainable construction company indicators" (CIRIA 563). Highlights the recommended approach to developing an award scheme based on sustainable construction, for construction supply companies and includes the case study examples of British Airport Authority, Thames Water and Network Rail. |
| 690 ## - LOCAL SUBJECT ADDED ENTRY--TOPICAL TERM (OCLC, RLIN) | |
| Topical term or geographic name as entry element | BUILT ENVIRONMENT-SUSTAINABLE CONSTRUCTION |
| 710 2# - ADDED ENTRY--CORPORATE NAME | |
| Corporate name or jurisdiction name as entry element | Construction Industry Research and Information Association |
| 9 (RLIN) | 4810 |
| 710 2# - ADDED ENTRY--CORPORATE NAME | |
| Corporate name or jurisdiction name as entry element | Thames Water |
| 9 (RLIN) | 4844 |
| 710 2# - ADDED ENTRY--CORPORATE NAME | |
| Corporate name or jurisdiction name as entry element | British Airports Authority |
| 9 (RLIN) | 4845 |
| 710 2# - ADDED ENTRY--CORPORATE NAME | |
| Corporate name or jurisdiction name as entry element | Network Rail |
| 9 (RLIN) | 4846 |
| 942 ## - ADDED ENTRY ELEMENTS (KOHA) | |
| Suppress in OPAC | 0 |
| Withdrawn status | Lost status | Source of classification or shelving scheme | Damaged status | Not for loan | Home library | Current library | Shelving location | Date acquired | Total Checkouts | Full call number | Barcode | Date last seen | Date last checked out | Copy number | Price effective from | Koha item type |
|---|---|---|---|---|---|---|---|---|---|---|---|---|---|---|---|---|
| Dewey Decimal Classification | London | London | Folio | 22/12/2005 | 1 | F691 CHA | 30071789 | 06/08/2019 | 12/02/2009 | 1 | 06/08/2019 | Book |